000 01829nam a2200373 a 4500
001 ebr10604237
003 CaPaEBR
006 m u
007 cr cn|||||||||
008 120924s2011 sz a sb 101 0 eng d
020 _z9783037851814
020 _z9783038135043 (e-book)
040 _aCaPaEBR
_cCaPaEBR
035 _a(OCoLC)759246521
050 1 4 _aTP807
_b.I58 2010eb
111 2 _aInternational Symposium on Advanced Ceramics, Osaka International Convention Center
_n(4th :
_dNov. 14-18, 2010 :
_cJapan)
245 1 0 _aAdvanced engineering ceramics and composites
_h[electronic resource] :
_bselected, peer reviewed papers from the 4th International Symposium on Advanced Ceramics, Osaka International Convention Center, November 14-18, 2010, Japan /
_cedited by Takashi Goto, Yi-Bing Cheng and Takashi Akatsu.
260 _aDurnten-Zurich, Switzerland :
_bTrans Tech Publications :
_bCeramic Society of Japan,
_c2011.
300 _aa-c, 256 p. :
_bill.
440 0 _aKey engineering materials,
_x1013-9826 ;
_vv. 484
490 1 _aCSJ series--publications of the Ceramic Society of Japan,
_x422-5867 ;
_vv. 22
504 _aIncludes bibliographical references and indexes.
533 _aElectronic reproduction.
_bPalo Alto, Calif. :
_cebrary,
_d2011.
_nAvailable via World Wide Web.
_nAccess may be limited to ebrary affiliated libraries.
650 0 _aCeramic engineering
_vCongresses.
650 0 _aCeramics
_vCongresses.
650 0 _aComposite materials
_vCongresses.
655 7 _aElectronic books.
_2local
700 1 _aGoto, Takashi.
700 1 _aCheng, Yi-Bing.
700 1 _aAkatsu, Takashi.
710 2 _aebrary, Inc.
830 0 _aCSJ series ;
_vv. 22.
856 4 0 _uhttp://site.ebrary.com/lib/rucke/Doc?id=10604237
_zAn electronic book accessible through the World Wide Web; click to view
999 _c195833
_d195833